| 000 | 00504nam a2200169 i 4500 | ||
|---|---|---|---|
| 001 | 90425 | ||
| 003 | ES-MaACL | ||
| 005 | 20250809030231.0 | ||
| 007 | t| | ||
| 008 | 050120s1954 sp ||||1| spa d | ||
| 245 | 0 | 0 |
_aLegislación laboral de Industrias y Comercio _b: reglamentación nacional del trabajo. |
| 260 |
_aValencia : _bH. Baviera, _c[1954] |
||
| 300 |
_a22 p. ; _c27 cm. |
||
| 650 | 0 | 4 |
_aDerecho laboral- _zEspaña _911726 |
| 852 |
_aES-MaACL _j1963-F-19 _bR.36715 |
||
| 999 |
_c90425 _d90425 |
||